| 000 | 00813cam a22002294a 4500 | ||
|---|---|---|---|
| 020 | _a9962884713 | ||
| 040 | _cSTF | ||
| 082 | 0 | 0 | _a333 SOC 2003 C153 Or. |
| 100 | 1 | _aAngehr, George Richard. | |
| 245 | 1 | 0 |
_aDirectorio de áreas importantes para aves en Panamá = _bDirectory of important bird areas in Panama / |
| 246 | 3 | 1 | _aDirectory of important bird areas in Panama |
| 246 | 1 | 8 | _aÁreas importantes para aves en Panamá |
| 246 | 1 | _aImportant bird areas in Panama | |
| 250 | _a1. ed. | ||
| 260 |
_aBalboa, República de Panamá : _bSociedad Audubon de Panamá, _c2003. |
||
| 300 |
_a342 p. : _bcol. ill., col. maps ; _c24 cm. |
||
| 500 | _aAppendix 4 (1 folded sheet) in back pocket. | ||
| 650 | 0 | _aImportant bird areas | |
| 650 | 0 | _aBirds | |
| 710 | 2 | _aSociedad Audubon de Panamá. | |
| 942 | _cAEDBB | ||
| 999 |
_c18848 _d18848 |
||